<?xml version="1.0" encoding="UTF-8"?>
<record
    xmlns:xsi="http://www.w3.org/2001/XMLSchema-instance"
    xsi:schemaLocation="http://www.loc.gov/MARC21/slim http://www.loc.gov/standards/marcxml/schema/MARC21slim.xsd"
    xmlns="http://www.loc.gov/MARC21/slim">

  <leader>01496nam a22003257a 4500</leader>
  <controlfield tag="001">BRCA_9195</controlfield>
  <controlfield tag="003">FranzMayer</controlfield>
  <controlfield tag="005">20220809132958.0</controlfield>
  <controlfield tag="008">220708b        |||||||| |||| 00| 0 spa d</controlfield>
  <datafield tag="020" ind1=" " ind2=" ">
    <subfield code="a">9788894340976</subfield>
  </datafield>
  <datafield tag="040" ind1=" " ind2=" ">
    <subfield code="b">spa</subfield>
    <subfield code="c">MFM</subfield>
  </datafield>
  <datafield tag="041" ind1=" " ind2=" ">
    <subfield code="a">spa</subfield>
  </datafield>
  <datafield tag="050" ind1=" " ind2=" ">
    <subfield code="a">N7793.V66</subfield>
    <subfield code="b">L97 2018</subfield>
  </datafield>
  <datafield tag="100" ind1=" " ind2=" ">
    <subfield code="a">Luque Agraz, Elin</subfield>
    <subfield code="9">21096</subfield>
  </datafield>
  <datafield tag="245" ind1="1" ind2="0">
    <subfield code="a">Gracias al cielo : </subfield>
    <subfield code="b">Repertorio de exvotos mexicanos / </subfield>
    <subfield code="c">Elin Luque Agraz</subfield>
  </datafield>
  <datafield tag="260" ind1=" " ind2=" ">
    <subfield code="a">Parma, Italia : </subfield>
    <subfield code="b">Franco Maria Ricci,</subfield>
    <subfield code="c">2018</subfield>
  </datafield>
  <datafield tag="300" ind1=" " ind2=" ">
    <subfield code="a">261 p. :</subfield>
    <subfield code="b">il. col. ;</subfield>
    <subfield code="c">29 x 30.5 cm.</subfield>
    <subfield code="e">Cuadernillo de 2 hojas (28 x 30 cm.)</subfield>
  </datafield>
  <datafield tag="500" ind1=" " ind2=" ">
    <subfield code="a">Ubicaci&#xF3;n: L59-N5</subfield>
  </datafield>
  <datafield tag="500" ind1=" " ind2=" ">
    <subfield code="a">Incluye semblanza de Elin Luque Agraz</subfield>
  </datafield>
  <datafield tag="501" ind1=" " ind2=" ">
    <subfield code="a">Incluye imagen de la Colecci&#xF3;n Museo Franz Mayer (p. 108-109) y un an&#xE1;lisis de la misma imagen (p. 110)</subfield>
  </datafield>
  <datafield tag="504" ind1=" " ind2=" ">
    <subfield code="a">Bibliograf&#xED;a: p. 258-260</subfield>
  </datafield>
  <datafield tag="505" ind1="2" ind2=" ">
    <subfield code="t">Pr&#xF3;logo / </subfield>
    <subfield code="r">Germaine G&#xF3;mez Haro</subfield>
  </datafield>
  <datafield tag="505" ind1="2" ind2=" ">
    <subfield code="t">Introducci&#xF3;n / </subfield>
    <subfield code="r">Giorgio Antei</subfield>
  </datafield>
  <datafield tag="505" ind1="2" ind2=" ">
    <subfield code="t">Ave Mar&#xED;a. La estaci&#xF3;n de los milagros / </subfield>
    <subfield code="r">Giorgio Antei</subfield>
  </datafield>
  <datafield tag="505" ind1="2" ind2=" ">
    <subfield code="t">Repertorio de exvotos mexicanos / </subfield>
    <subfield code="r">Elin Luque Agraz</subfield>
  </datafield>
  <datafield tag="520" ind1=" " ind2=" ">
    <subfield code="a">El Repertorio de Elin Luque re&#xFA;ne ejemplos que van desde el siglo XVII hasta el presente. Adem&#xE1;s, evidencia las alteraciones sufridas por los exvotos mexicanos en el curso de cinco siglos, y muestra al mismo tiempo como sus rasgos generales se hayan preservado casi intactos.</subfield>
  </datafield>
  <datafield tag="650" ind1=" " ind2=" ">
    <subfield code="a">Exvotos</subfield>
    <subfield code="y">Siglo XVII</subfield>
    <subfield code="z">M&#xE9;xico</subfield>
    <subfield code="9">28434</subfield>
  </datafield>
  <datafield tag="942" ind1=" " ind2=" ">
    <subfield code="2">lcc</subfield>
    <subfield code="c">B</subfield>
  </datafield>
  <datafield tag="999" ind1=" " ind2=" ">
    <subfield code="c">10814</subfield>
    <subfield code="d">10814</subfield>
  </datafield>
  <datafield tag="952" ind1=" " ind2=" ">
    <subfield code="0">0</subfield>
    <subfield code="1">0</subfield>
    <subfield code="2">lcc</subfield>
    <subfield code="4">0</subfield>
    <subfield code="7">0</subfield>
    <subfield code="a">BRCA</subfield>
    <subfield code="b">BRCA</subfield>
    <subfield code="d">2022-07-08</subfield>
    <subfield code="l">0</subfield>
    <subfield code="o">N7793.V66 L97 2018</subfield>
    <subfield code="p">CONT9968</subfield>
    <subfield code="r">2022-07-08 00:00:00</subfield>
    <subfield code="w">2022-07-08</subfield>
    <subfield code="y">B</subfield>
  </datafield>
</record>
